[Event "Khalif"]
[Site "Charlesbourg CAN"]
[Date "2005.02.20"]
[Round "2"]
[White "Lessard, Claude"]
[Black "Lalonde, Stephane"]
[Result "1-0"]
[WhiteElo "1907"]
[BlackElo "1491"]
[PlyCount "43"]
[GameId "2160767910965741"]
[EventDate "2005.02.14"]
[EventType "swiss"]
[EventRounds "5"]
[EventCountry "CAN"]

1. d4 Nf6 2. Bg5 e6 3. Nf3 Be7 4. Nbd2 d5 5. e3 Nbd7 6. Bd3 O-O 7. c3 h6 8. h4 c5 9. Qc2 b6 10. O-O-O c4 11. Be2 Bb7 12. Bxf6 Bxf6 13. g4 g5 14. hxg5 Bxg5 15. Nxg5 Qxg5 16. f4 Qg6 17. f5 exf5 18. gxf5 Qf6 19. e4 dxe4 20. Nxe4 Qe7 21. Rdg1+ Kh7 22. Qd2 1-0

[Event "Khalif"]
[Site "Charlesbourg CAN"]
[Date "2005.02.20"]
[Round "2"]
[White "Quenneville, Simon"]
[Black "Arteau, Benoit"]
[Result "0-1"]
[WhiteElo "1274"]
[BlackElo "1792"]
[PlyCount "34"]
[GameId "2160767910965742"]
[EventDate "2005.02.14"]
[EventType "swiss"]
[EventRounds "5"]
[EventCountry "CAN"]

1. d4 Nf6 2. c4 e6 3. f3 d5 4. e3 Nbd7 5. Bd3 c5 6. Ne2 cxd4 7. Nxd4 Ne5 8. cxd5 Bb4+ 9. Kf2 Nxd3+ 10. Qxd3 Qxd5 11. e4 Qd6 12. Qb5+ Bd7 13. Qxb7 Rb8 14. Qxa7 Bc5 15. Qa5 Bxd4+ 16. Be3 Rxb2+ 17. Ke1 Bxe3 0-1

[Event "Khalif"]
[Site "Charlesbourg CAN"]
[Date "2005.02.20"]
[Round "2"]
[White "Racine, Gilles"]
[Black "Bourassa, Samuel"]
[Result "0-1"]
[WhiteElo "1314"]
[BlackElo "1676"]
[PlyCount "56"]
[GameId "2160767910965743"]
[EventDate "2005.02.14"]
[EventType "swiss"]
[EventRounds "5"]
[EventCountry "CAN"]

1. e4 g6 2. d4 Bg7 3. Nf3 d6 4. Nc3 Nf6 5. Be2 O-O 6. O-O c5 7. Be3 Ng4 8. Qd2 Nxe3 9. Qxe3 Nd7 10. Rad1 cxd4 11. Nxd4 Nc5 12. b4 Ne6 13. Nf3 Nf4 14. Qxf4 Bxc3 15. e5 Bxe5 16. Nxe5 dxe5 17. Qxe5 Qb6 18. Rd4 f6 19. Qe3 Bf5 20. c3 e5 21. Bc4+ Kg7 22. Rh4 Qxe3 23. fxe3 g5 24. Rh3 Bxh3 25. gxh3 Rfc8 26. Bd5 Rxc3 27. Bxb7 Rb8 28. Bd5 Rxb4 0-1

[Event "Khalif"]
[Site "Charlesbourg CAN"]
[Date "2005.02.20"]
[Round "2"]
[White "Servant, Michel"]
[Black "Robitaille, Denis"]
[Result "0-1"]
[WhiteElo "1722"]
[BlackElo "1855"]
[PlyCount "88"]
[GameId "2160767910965744"]
[EventDate "2005.02.14"]
[EventType "swiss"]
[EventRounds "5"]
[EventCountry "CAN"]

1. c4 f5 2. Nf3 Nf6 3. g3 g6 4. Bg2 Bg7 5. O-O O-O 6. d4 d6 7. Nc3 c6 8. Bg5 Na6 9. Qc2 Qc7 10. Rac1 e5 11. d5 Nc5 12. Bxf6 Bxf6 13. b4 Nd7 14. e4 f4 15. Rfd1 c5 16. Nb5 Qb8 17. a3 a6 18. Nc3 Qc7 19. Ne2 g5 20. Qd3 g4 21. gxf4 gxf3 22. Qxf3 exf4 23. Qg4+ Kh8 24. Nxf4 Ne5 25. Ne6 Qf7 26. Qf5 Bd7 27. f4 Ng6 28. e5 dxe5 29. fxe5 Bxe5 30. Qxf7 Rxf7 31. Nxc5 Bg4 32. Rf1 Bd4+ 33. Kh1 Rxf1+ 34. Rxf1 Bxc5 35. bxc5 Rc8 36. c6 bxc6 37. dxc6 Ne5 38. Bd5 Nxc6 39. Rf7 Ne5 40. Ra7 Nxc4 41. Rxa6 Ne3 42. Rc6 Rf8 43. Bg2 Nxg2 44. Kxg2 Bf3+ 0-1

[Event "Khalif"]
[Site "Charlesbourg CAN"]
[Date "2005.02.20"]
[Round "3"]
[White "Arteau, Benoit"]
[Black "Lapierre, Gaetan"]
[Result "1-0"]
[WhiteElo "1792"]
[BlackElo "1902"]
[PlyCount "93"]
[GameId "2160767910965745"]
[EventDate "2005.02.14"]
[EventType "swiss"]
[EventRounds "5"]
[EventCountry "CAN"]

1. d4 Nf6 2. c4 g6 3. g3 Bg7 4. Bg2 c5 5. d5 d6 6. e4 O-O 7. Ne2 Nbd7 8. Nbc3 a6 9. O-O Nb6 10. Qd3 e6 11. b3 exd5 12. cxd5 Ng4 13. f3 Ne5 14. Qc2 Rb8 15. f4 Ned7 16. Bb2 Qe7 17. Rfe1 Na8 18. Rac1 b5 19. Nb1 Bxb2 20. Qxb2 Bb7 21. Nd2 Nab6 22. Nc3 b4 23. Nd1 Nxd5 24. Nc4 N5b6 25. Nde3 d5 26. exd5 Rfe8 27. Ng4 Qxe1+ 28. Rxe1 Rxe1+ 29. Bf1 Rbe8 30. Nxb6 Nxb6 31. Nf6+ Kf8 32. Nxe8 Rxe8 33. Qh8+ Ke7 34. d6+ Kd7 35. Bh3+ f5 36. Qxh7+ Kxd6 37. Qxb7 Nc8 38. Qxa6+ Kd5 39. Kf2 Nd6 40. Bg2+ Ke6 41. Qc6 Rc8 42. Qd5+ Kd7 43. Bf1 Re8 44. Bb5+ Ke7 45. Bxe8 Ne4+ 46. Qxe4+ fxe4 47. Bxg6 1-0

[Event "Khalif"]
[Site "Charlesbourg CAN"]
[Date "2005.02.20"]
[Round "3"]
[White "Beaudoin, Stephane"]
[Black "Robitaille, Denis"]
[Result "1/2-1/2"]
[WhiteElo "2044"]
[BlackElo "1855"]
[PlyCount "46"]
[GameId "2160767910965746"]
[EventDate "2005.02.14"]
[EventType "swiss"]
[EventRounds "5"]
[EventCountry "CAN"]

1. e4 Nf6 2. e5 Nd5 3. d4 d6 4. exd6 exd6 5. c4 Nb6 6. Bd3 Nc6 7. Ne2 Be7 8. O-O Bf6 9. Be3 O-O 10. Nbc3 Nb4 11. Ng3 Nxd3 12. Qxd3 g6 13. f4 d5 14. c5 Nc4 15. Bc1 b6 16. b3 Na5 17. Nce2 bxc5 18. Ba3 c4 19. Qd2 c5 20. Bxc5 Re8 21. Bb4 Nc6 22. Bc5 Na5 23. Bb4 Nc6 1/2-1/2

[Event "Khalif"]
[Site "Charlesbourg CAN"]
[Date "2005.02.20"]
[Round "3"]
[White "Caron, Sebastien"]
[Black "Bonneau, Daniel"]
[Result "0-1"]
[WhiteElo "1835"]
[BlackElo "1915"]
[PlyCount "102"]
[GameId "2160767910965747"]
[EventDate "2005.02.14"]
[EventType "swiss"]
[EventRounds "5"]
[EventCountry "CAN"]

1. e4 d6 2. d4 Nf6 3. Nc3 g6 4. Be2 Bg7 5. f4 c5 6. Nf3 O-O 7. e5 Nfd7 8. Ne4 cxd4 9. exd6 Nc6 10. O-O Nb6 11. dxe7 Qxe7 12. Bd3 Nd5 13. Qe1 Ncb4 14. Bd2 Nxd3 15. cxd3 Bd7 16. Rc1 Rac8 17. Nc5 Qxe1 18. Rfxe1 Bb5 19. Nb3 Bxd3 20. Nfxd4 Bc4 21. h3 Bxb3 22. Nxb3 Bxb2 23. Rcd1 Rfe8 24. f5 Nc3 25. Rxe8+ Rxe8 26. Bxc3 Bxc3 27. Rd7 Re2 28. fxg6 hxg6 29. Rxb7 Rxa2 30. Rc7 Be5 31. Rc5 Bf4 32. Rb5 Rb2 33. Rb7 Kg7 34. Na5 Rxb7 35. Nxb7 Bc7 36. Kf1 Kf6 37. Ke2 Ke5 38. Nc5 Kf4 39. Na4 Kg3 40. Kf1 Be5 41. Nc5 a5 42. Ne4+ Kf4 43. Nc5 Ke3 44. Ke1 Bd4 45. Na4 Kd3 46. Kd1 Kc4 47. Kc2 Kb4 48. Nb2 Bxb2 49. Kxb2 Kc4 50. g4 g5 51. Ka3 Kd4 0-1

[Event "Khalif"]
[Site "Charlesbourg CAN"]
[Date "2005.02.20"]
[Round "3"]
[White "Laflamme, Simon"]
[Black "Poliquin, Yvon"]
[Result "1/2-1/2"]
[WhiteElo "1979"]
[BlackElo "1854"]
[PlyCount "41"]
[GameId "2160767910965748"]
[EventDate "2005.02.14"]
[EventType "swiss"]
[EventRounds "5"]
[EventCountry "CAN"]

1. d4 d5 2. e4 e6 3. Nc3 Nf6 4. e5 Nfd7 5. Qh5 g6 6. Qg5 Qxg5 7. Bxg5 a6 8. f4 c5 9. Nf3 cxd4 10. Nxd4 h6 11. Bh4 g5 12. fxg5 Be7 13. Nf3 hxg5 14. Bxg5 Bxg5 15. Nxg5 Nxe5 16. Be2 Nbc6 17. O-O-O b5 18. h4 Bd7 19. h5 Ke7 20. Nh3 Rac8 21. a3 1/2-1/2

[Event "Khalif"]
[Site "Charlesbourg CAN"]
[Date "2005.02.20"]
[Round "3"]
[White "Lalonde, Stephane"]
[Black "Breton, Marc"]
[Result "1-0"]
[WhiteElo "1491"]
[BlackElo "1107"]
[PlyCount "45"]
[GameId "2160767910965749"]
[EventDate "2005.02.14"]
[EventType "swiss"]
[EventRounds "5"]
[EventCountry "CAN"]

1. e4 Nc6 2. d4 Nf6 3. Nc3 e6 4. Bg5 Be7 5. Nf3 b6 6. Bc4 Bb7 7. e5 Nh5 8. Bxe7 Qxe7 9. O-O Na5 10. Bd3 O-O 11. Re1 Nf4 12. Be4 Bxe4 13. Rxe4 f5 14. Rxf4 g5 15. Nxg5 Qxg5 16. Rf3 f4 17. Ne4 Qh6 18. Nf6+ Kh8 19. Rh3 Qxh3 20. gxh3 h6 21. Qh5 Rf7 22. Qxh6+ Rh7 23. Qxh7# 1-0

[Event "Khalif"]
[Site "Charlesbourg CAN"]
[Date "2005.02.20"]
[Round "3"]
[White "Lessard, Claude"]
[Black "Gago, Nelson"]
[Result "0-1"]
[WhiteElo "1907"]
[BlackElo "1825"]
[PlyCount "78"]
[GameId "2160767910965750"]
[EventDate "2005.02.14"]
[EventType "swiss"]
[EventRounds "5"]
[EventCountry "CAN"]

1. d4 d5 2. Nf3 Nf6 3. e3 Bf5 4. Bd3 Bxd3 5. Qxd3 c6 6. O-O e6 7. Nbd2 Nbd7 8. c4 Be7 9. c5 e5 10. Nxe5 Nxe5 11. dxe5 Nd7 12. Qf5 Nxc5 13. Nb3 Nxb3 14. axb3 Qd7 15. Qd3 Qe6 16. f4 f6 17. Bd2 O-O 18. Bc3 fxe5 19. fxe5 Rxf1+ 20. Kxf1 Rf8+ 21. Kg1 a6 22. b4 Qf5 23. Qe2 Bg5 24. Bd4 Be7 25. Qd2 Bxb4 26. Qd1 Qf2+ 27. Kh1 Bd2 28. Qg1 Bb4 29. Rc1 Qd2 30. h3 Qe2 31. b3 c5 32. Ba1 Bd2 33. Qd1 Qxd1+ 34. Rxd1 Bxe3 35. g4 d4 36. Kg2 Kf7 37. Rf1+ Ke7 38. Re1 Ke6 39. Bb2 Rf2+ 0-1

[Event "Khalif"]
[Site "Charlesbourg CAN"]
[Date "2005.02.28"]
[Round "3"]
[White "Bourassa, Samuel"]
[Black "Chevalier, Philippe"]
[Result "1-0"]
[WhiteElo "1676"]
[BlackElo "1522"]
[PlyCount "91"]
[GameId "2160767910965751"]
[EventDate "2005.02.14"]
[EventType "swiss"]
[EventRounds "5"]
[EventCountry "CAN"]

1. e4 c5 2. Nc3 e6 3. f4 Qc7 4. g3 Nc6 5. Bg2 a6 6. d3 b5 7. Be3 Bb7 8. Nge2 Na5 9. d4 Nc4 10. Qc1 Nf6 11. b3 cxd4 12. Bxd4 Na5 13. Qd2 Rc8 14. Rd1 Bb4 15. O-O O-O 16. Nxb5 Bxd2 17. Nxc7 Rxc7 18. Rxd2 Rfc8 19. c3 Bxe4 20. Bb6 Bxg2 21. Kxg2 Nxb3 22. axb3 Rb7 23. Bd4 Ne4 24. Rb2 Rcb8 25. b4 a5 26. Rfb1 f6 27. g4 Nd6 28. Ra2 Nc4 29. Ra4 e5 30. Bf2 d6 31. Be1 Kf7 32. Rba1 axb4 33. cxb4 Ne3+ 34. Kf3 Nc2 35. Rd1 Nxe1+ 36. Rxe1 Rxb4 37. Ra7+ Kf8 38. Rd7 Re8 39. f5 h5 40. gxh5 Rh4 41. Rg1 e4+ 42. Ke3 Rh3+ 43. Rg3 Rxh5 44. Rgxg7 Re5 45. Nd4 Rh3+ 46. Kf4 1-0

[Event "Khalif"]
[Site "Charlesbourg CAN"]
[Date "2005.03.07"]
[Round "4"]
[White "Arteau, Benoit"]
[Black "Bonneau, Daniel"]
[Result "1/2-1/2"]
[WhiteElo "1792"]
[BlackElo "1915"]
[PlyCount "119"]
[GameId "2160767910965752"]
[EventDate "2005.02.14"]
[EventType "swiss"]
[EventRounds "5"]
[EventCountry "CAN"]

1. d4 Nf6 2. Nf3 e6 3. c4 b6 4. a3 Bb7 5. Nc3 d5 6. Bg5 Be7 7. Qa4+ Bc6 8. Qb3 Nbd7 9. e3 h6 10. Bh4 Rb8 11. Rd1 Bb7 12. Ne5 Nxe5 13. dxe5 Nd7 14. Bxe7 Qxe7 15. cxd5 exd5 16. Nxd5 Qxe5 17. Bc4 Nc5 18. Qc2 Rc8 19. O-O O-O 20. b4 c6 21. Nf4 Qe4 22. Qxe4 Nxe4 23. Rd7 Rb8 24. Ng6 Rfd8 25. Bxf7+ Kh7 26. Rfd1 Rxd7 27. Rxd7 c5 28. Ne5 cxb4 29. axb4 a5 30. bxa5 bxa5 31. f3 Nc5 32. Rc7 Na6 33. Rc4 Nb4 34. Rc5 Ra8 35. Rb5 Ra7 36. Bg6+ Kg8 37. Nc4 Nc6 38. Nd6 Ba8 39. Nc8 Rc7 40. Nb6 Bb7 41. Na4 Ba8 42. Be4 Ra7 43. Kf2 Kf8 44. Ke1 Bb7 45. Nc5 Ba8 46. Rb6 Nd8 47. Ne6+ Nxe6 48. Rb8+ Ke7 49. Rxa8 Rxa8 50. Bxa8 Kd6 51. Kd2 Kc5 52. Kc3 a4 53. Be4 Nc7 54. h4 Nb5+ 55. Kb2 Kb4 56. Bc2 a3+ 57. Ka2 Nc3+ 58. Ka1 Kc5 59. g4 Kd6 60. Bb3 1/2-1/2

[Event "Khalif"]
[Site "Charlesbourg CAN"]
[Date "2005.03.07"]
[Round "4"]
[White "Filiatreault, Michel"]
[Black "Laflamme, Simon"]
[Result "1-0"]
[WhiteElo "1936"]
[BlackElo "1979"]
[PlyCount "103"]
[GameId "2160767910965753"]
[EventDate "2005.02.14"]
[EventType "swiss"]
[EventRounds "5"]
[EventCountry "CAN"]

1. e3 c5 2. g3 g6 3. Bg2 Bg7 4. Ne2 Nc6 5. Nbc3 Nf6 6. O-O O-O 7. f4 d6 8. h3 a6 9. a4 Qc7 10. Kh2 Rb8 11. d4 cxd4 12. exd4 b6 13. Ne4 Bb7 14. Nxf6+ Bxf6 15. f5 Nb4 16. c3 Bxg2 17. Kxg2 Nd5 18. Qd3 Qb7 19. Kh2 Bg7 20. Nf4 Nf6 21. fxg6 hxg6 22. Re1 e5 23. dxe5 dxe5 24. Ng2 e4 25. Qe2 Rfe8 26. Bf4 Rbd8 27. Rad1 Nd7 28. Bg5 f6 29. Qc4+ Kh7 30. Bf4 f5 31. Qc7 Qxc7 32. Bxc7 Bf6 33. Bxd8 Rxd8 34. Rd6 Ne5 35. Red1 Nf3+ 36. Kh1 Rxd6 37. Rxd6 Be5 38. Rd7+ Kh6 39. Nf4 g5 40. Ne2 f4 41. gxf4 gxf4 42. Re7 Kg5 43. Ng1 Nxg1 44. Rxe5+ Kf6 45. Rxe4 Nxh3 46. Kg2 Kf5 47. Rb4 Kg4 48. Rxb6 f3+ 49. Kf1 Nf4 50. Rb4 Kg3 51. Rxf4 Kxf4 52. b4 1-0

[Event "Khalif"]
[Site "Charlesbourg CAN"]
[Date "2005.03.07"]
[Round "4"]
[White "Fortier, Bertrand"]
[Black "Bourassa, Samuel"]
[Result "0-1"]
[WhiteElo "1667"]
[BlackElo "1676"]
[PlyCount "76"]
[GameId "2160767910965754"]
[EventDate "2005.02.14"]
[EventType "swiss"]
[EventRounds "5"]
[EventCountry "CAN"]

1. d4 Nf6 2. c4 g6 3. Nc3 Bg7 4. e4 d6 5. f4 O-O 6. Nf3 c5 7. dxc5 dxc5 8. Qxd8 Rxd8 9. e5 Ne8 10. Nd5 Nc6 11. a3 f6 12. Be2 e6 13. exf6 Nxf6 14. Nxf6+ Bxf6 15. O-O Nd4 16. Nxd4 cxd4 17. Bd3 a5 18. a4 b6 19. g4 Bb7 20. f5 gxf5 21. gxf5 e5 22. Re1 Rd7 23. Be4 Bxe4 24. Rxe4 Kf7 25. Ra3 d3 26. Bd2 Rad8 27. h4 Rd4 28. Rxd4 Rxd4 29. Rb3 Bd8 30. Rb5 Kf6 31. Rd5 Rxd5 32. cxd5 Kxf5 33. h5 Be7 34. Kf2 e4 35. Kg3 Bc5 36. d6 Bxd6+ 37. Kf2 Bc5+ 38. Ke1 Bb4 0-1

[Event "Khalif"]
[Site "Charlesbourg CAN"]
[Date "2005.03.07"]
[Round "4"]
[White "Lapierre, Gaetan"]
[Black "Bluteau, Yvon"]
[Result "1-0"]
[WhiteElo "1902"]
[BlackElo "1688"]
[PlyCount "69"]
[GameId "2160767910965755"]
[EventDate "2005.02.14"]
[EventType "swiss"]
[EventRounds "5"]
[EventCountry "CAN"]

1. Nf3 d5 2. d4 e6 3. g3 h5 4. h4 Nc6 5. Bg2 Be7 6. c3 Nh6 7. b4 Nf5 8. a4 Bd6 9. Bb2 Qf6 10. Qd3 Bd7 11. Nbd2 Qg6 12. b5 Na5 13. Ne5 Bxe5 14. dxe5 c5 15. c4 d4 16. O-O-O a6 17. Ne4 axb5 18. axb5 O-O 19. Kb1 Ra7 20. Nxc5 Bc8 21. Be4 Qg4 22. Rdg1 Qg6 23. Rg2 Qh7 24. f3 g6 25. Bxf5 exf5 26. Qxd4 b6 27. Nd3 Rd7 28. Qc3 Rfd8 29. g4 Rd4 30. c5 Rc4 31. Qa3 fxg4 32. cxb6 gxf3 33. exf3 Rxd3 34. Qxd3 Bf5 35. Qxf5 1-0

[Event "Khalif"]
[Site "Charlesbourg CAN"]
[Date "2005.03.07"]
[Round "4"]
[White "Poliquin, Yvon"]
[Black "Beaudoin, Stephane"]
[Result "0-1"]
[WhiteElo "1854"]
[BlackElo "2044"]
[PlyCount "96"]
[GameId "2160767910965756"]
[EventDate "2005.02.14"]
[EventType "swiss"]
[EventRounds "5"]
[EventCountry "CAN"]

1. e4 g6 2. d4 Bg7 3. Nc3 c6 4. Nf3 d5 5. e5 f6 6. exf6 exf6 7. Bd3 Ne7 8. O-O O-O 9. Re1 b5 10. Bd2 a5 11. a3 Bf5 12. Bf4 Na6 13. Bxf5 Nxf5 14. Qd3 Qd7 15. h3 Rfe8 16. Kf1 Nd6 17. Nd2 Nc7 18. Nb3 Ne6 19. Nc5 Nxc5 20. dxc5 Nc4 21. b3 Ne5 22. Qd2 Qe7 23. b4 axb4 24. axb4 Rxa1 25. Rxa1 Nc4 26. Qd3 f5 27. Rb1 g5 28. Bd2 Qe5 29. Ne2 f4 30. Ng1 Qe4 31. Nf3 h6 32. Be1 Kf7 33. Nd2 Qxd3+ 34. cxd3 Nb2 35. d4 Bxd4 36. Nb3 Bf6 37. Na5 Re6 38. Nb7 Nd3 39. Bd2 Ke7 40. Rb3 Nb2 41. Nd6 Nc4 42. Nxc4 dxc4 43. Ra3 Bd4 44. Bc3 Bxc3 45. Rxc3 Re4 46. f3 Rd4 47. Kf2 Ke6 48. Ra3 Kd5 0-1

[Event "Khalif"]
[Site "Charlesbourg CAN"]
[Date "2005.03.07"]
[Round "4"]
[White "Robitaille, Denis"]
[Black "Gago, Nelson"]
[Result "1-0"]
[WhiteElo "1855"]
[BlackElo "1825"]
[PlyCount "65"]
[GameId "2160767910965757"]
[EventDate "2005.02.14"]
[EventType "swiss"]
[EventRounds "5"]
[EventCountry "CAN"]

1. Nf3 Nf6 2. g3 d5 3. Bg2 e6 4. O-O Bd6 5. d4 O-O 6. c4 c6 7. b3 Nbd7 8. Bb2 Qe7 9. Ne5 Ne8 10. e4 Bxe5 11. dxe5 dxc4 12. Ba3 c5 13. Nd2 cxb3 14. Qxb3 Nxe5 15. f4 Nc6 16. Qc3 b6 17. e5 Bb7 18. Ne4 Nc7 19. Nd6 Nd5 20. Qd2 Nd4 21. Bb2 Ba6 22. Rfe1 Nb5 23. f5 Nd4 24. Bxd4 cxd4 25. Qxd4 Rad8 26. Qg4 exf5 27. Nxf5 Qc5+ 28. Kh1 g6 29. Rac1 Qb4 30. Qg5 h6 31. Nxh6+ Kg7 32. Nf5+ Kg8 33. Re4 1-0

[Event "Khalif"]
[Site "Charlesbourg CAN"]
[Date "2005.03.14"]
[Round "5"]
[White "Arteau, Benoit"]
[Black "Robitaille, Denis"]
[Result "1-0"]
[WhiteElo "1792"]
[BlackElo "1855"]
[PlyCount "65"]
[GameId "2160767910965758"]
[EventDate "2005.02.14"]
[EventType "swiss"]
[EventRounds "5"]
[EventCountry "CAN"]

1. d4 f5 2. c4 Nf6 3. g3 g6 4. Bg2 Bg7 5. Nc3 O-O 6. Qc2 Nc6 7. e3 d6 8. a3 e5 9. d5 Ne7 10. Nge2 Bd7 11. O-O g5 12. e4 f4 13. f3 fxg3 14. hxg3 h6 15. f4 exf4 16. gxf4 Ng4 17. Bf3 Ng6 18. e5 Bf5 19. Be4 Bxe4 20. Qxe4 gxf4 21. Qxg6 Qh4 22. Bxf4 Rxf4 23. Rxf4 Qh2+ 24. Kf1 Qh1+ 25. Ng1 Nxe5 26. Qe4 Qh2 27. Rf2 Qh5 28. Nce2 Re8 29. Ng3 Qg5 30. Qf4 Qxf4 31. Rxf4 Nd3 32. Rg4 Kh7 33. Rd1 1-0

[Event "Khalif"]
[Site "Charlesbourg CAN"]
[Date "2005.03.14"]
[Round "5"]
[White "Boissinot, Claude"]
[Black "Lessard, Claude"]
[Result "0-1"]
[WhiteElo "1548"]
[BlackElo "1907"]
[PlyCount "58"]
[GameId "2160767910965759"]
[EventDate "2005.02.14"]
[EventType "swiss"]
[EventRounds "5"]
[EventCountry "CAN"]

1. e4 g6 2. d4 Bg7 3. Nf3 d6 4. Bc4 Nf6 5. e5 dxe5 6. Nxe5 O-O 7. O-O c5 8. c3 cxd4 9. cxd4 Nbd7 10. f4 a6 11. a4 Qc7 12. Qc2 Qd6 13. Be3 Nb6 14. Nd2 Nfd5 15. Bxd5 Nxd5 16. Qb3 Be6 17. Ndc4 Qb8 18. Qd1 b5 19. axb5 axb5 20. f5 gxf5 21. Nc6 Qc7 22. Qf3 bxc4 23. Rxa8 Rxa8 24. Nb4 Rd8 25. Nxd5 Rxd5 26. Bf4 Qb6 27. Qg3 Qxd4+ 28. Kh1 Qd1 29. Rg1 Qg4 0-1

[Event "Khalif"]
[Site "Charlesbourg CAN"]
[Date "2005.03.14"]
[Round "5"]
[White "Gago, Nelson"]
[Black "Cote, Jocelyn"]
[Result "1-0"]
[WhiteElo "1825"]
[BlackElo "1746"]
[PlyCount "81"]
[GameId "2160767910965760"]
[EventDate "2005.02.14"]
[EventType "swiss"]
[EventRounds "5"]
[EventCountry "CAN"]

1. Nf3 d5 2. g3 c5 3. Bg2 Nc6 4. b3 e5 5. O-O Bd6 6. Bb2 Nge7 7. d3 O-O 8. Nc3 Bb8 9. e4 d4 10. Nb1 a6 11. a4 b6 12. Na3 Ra7 13. Nc4 Ng6 14. Qd2 h6 15. c3 dxc3 16. Qxc3 Rd7 17. Rad1 Bc7 18. Ne3 Nd4 19. Kh1 Bb7 20. Nf5 Nxf3 21. Bxf3 Qf6 22. Bg2 Rfd8 23. Qc2 Ne7 24. Ne3 Qg6 25. Kg1 f6 26. Bh3 Qf7 27. Bxd7 Rxd7 28. Qc4 Nc6 29. Bc3 a5 30. Nd5 Bd8 31. f4 exf4 32. Nxf4 Qxc4 33. dxc4 Re7 34. Rfe1 Bc7 35. Nd5 Rf7 36. Nxc7 Rxc7 37. e5 fxe5 38. Bxe5 Re7 39. Bc3 Rxe1+ 40. Rxe1 Kf7 41. Rd1 1-0

[Event "Khalif"]
[Site "Charlesbourg CAN"]
[Date "2005.03.14"]
[Round "5"]
[White "Laflamme, Simon"]
[Black "Bourassa, Samuel"]
[Result "1-0"]
[WhiteElo "1979"]
[BlackElo "1676"]
[PlyCount "45"]
[GameId "2160767910965761"]
[EventDate "2005.02.14"]
[EventType "swiss"]
[EventRounds "5"]
[EventCountry "CAN"]

1. d4 Nf6 2. Nc3 g6 3. e4 d6 4. Be3 Bg7 5. Nf3 c6 6. Qd2 b5 7. Bd3 O-O 8. Bh6 Nbd7 9. h4 b4 10. Ne2 c5 11. h5 Bxh6 12. Qxh6 Ng4 13. Qg5 Nb6 14. hxg6 fxg6 15. dxc5 dxc5 16. Qxc5 Qd6 17. Qg5 e5 18. O-O-O Qc7 19. Qh4 a5 20. Ng5 Ra7 21. f3 Ne3 22. Nxh7 Rd8 23. Qxd8+ 1-0

[Event "King of Vancouver match 3"]
[Site "Vancouver CAN"]
[Date "2005.02.12"]
[Round "1"]
[White "Kostin, Andrey"]
[Black "Steininger, Gavin"]
[Result "0-1"]
[WhiteElo "2033"]
[BlackElo "1970"]
[PlyCount "50"]
[GameId "2160767910965762"]
[EventDate "2005.02.12"]
[EventType "match"]
[EventRounds "4"]
[EventCountry "CAN"]

1. d4 c5 2. d5 Nf6 3. c4 e6 4. Nc3 exd5 5. cxd5 d6 6. e4 g6 7. f4 Bg7 8. Bb5+ Nfd7 9. a4 O-O 10. Nge2 Na6 11. O-O Nb4 12. Be3 a6 13. Bxd7 Bxd7 14. e5 Bf5 15. Ng3 Bd3 16. Nge4 Bxf1 17. Kxf1 b6 18. Nxd6 f6 19. Nc4 fxe5 20. d6 exf4 21. Bf2 Rb8 22. a5 f3 23. axb6 fxg2+ 24. Kxg2 Rxf2+ 25. Kxf2 Qh4+ 0-1

[Event "King of Vancouver match 3"]
[Site "Vancouver CAN"]
[Date "2005.02.13"]
[Round "3"]
[White "Kostin, Andrey"]
[Black "Steininger, Gavin"]
[Result "0-1"]
[WhiteElo "2033"]
[BlackElo "1970"]
[PlyCount "62"]
[GameId "2160767910965763"]
[EventDate "2005.02.12"]
[EventType "match"]
[EventRounds "4"]
[EventCountry "CAN"]

1. d4 c5 2. d5 Nf6 3. c4 e6 4. Nc3 exd5 5. cxd5 d6 6. e4 g6 7. f4 Bg7 8. Bb5+ Nfd7 9. a4 O-O 10. Nf3 Na6 11. O-O Nb4 12. Re1 a6 13. Bf1 Re8 14. Nd2 Nf6 15. h3 Nh5 16. Nc4 Bd4+ 17. Be3 Bxe3+ 18. Rxe3 Nxf4 19. Qd2 f6 20. Rf3 g5 21. Kh2 Rb8 22. Be2 b5 23. axb5 axb5 24. Na3 Nbd3 25. Naxb5 Ne5 26. Rff1 Qe7 27. Ra7 Qf8 28. Rfa1 Qh6 29. Bf1 Nxh3 30. Nxd6 Nf2+ 31. Kg1 Neg4 0-1

[Event "Kingston city match 4"]
[Site "Kingston CAN"]
[Date "2005.09.10"]
[Round "1"]
[White "Caire, Francois"]
[Black "Livshits, Ron"]
[Result "0-1"]
[WhiteElo "2248"]
[BlackElo "2369"]
[PlyCount "70"]
[GameId "2160767910900215"]
[EventDate "2005.09.10"]
[EventType "swiss"]
[EventRounds "3"]
[EventCountry "CAN"]
[SourceTitle "EXT 2022"]
[Source "ChessBase"]
[SourceDate "2021.10.06"]
[SourceVersion "1"]
[SourceVersionDate "2021.10.06"]
[SourceQuality "1"]

1. d4 Nf6 2. c4 e6 3. Nf3 Bb4+ 4. Bd2 c5 5. Bxb4 cxb4 6. g3 O-O 7. Bg2 d6 8. O-O Nc6 9. Nbd2 e5 10. d5 Nb8 11. Ne1 a5 12. Nd3 Na6 13. e4 Re8 14. Kh1 Bg4 15. f3 Bh5 16. Qe2 Nd7 17. Qe3 Nac5 18. Nxc5 Nxc5 19. Bh3 a4 20. f4 exf4 21. Rxf4 Qe7 22. Bf5 Bg6 23. Bxg6 hxg6 24. Qd4 Qe5 25. Qxe5 Rxe5 26. Nf3 Rxe4 27. Rxe4 Nxe4 28. Kg2 Rc8 29. b3 Ra8 30. Re1 axb3 31. axb3 Ra2+ 32. Kh3 f5 33. g4 Rb2 34. gxf5 gxf5 35. Re3 g5 0-1

[Event "Kingston city match 4"]
[Site "Kingston CAN"]
[Date "2005.09.10"]
[Round "1"]
[White "Predescu, Sebastian"]
[Black "Mikanovic, Goran"]
[Result "1-0"]
[WhiteElo "2235"]
[BlackElo "2282"]
[PlyCount "65"]
[GameId "2160767910900218"]
[EventDate "2005.09.10"]
[EventType "swiss"]
[EventRounds "3"]
[EventCountry "CAN"]
[SourceTitle "EXT 2022"]
[Source "ChessBase"]
[SourceDate "2021.10.06"]
[SourceVersion "1"]
[SourceVersionDate "2021.10.06"]
[SourceQuality "1"]

1. e4 c5 2. Nf3 e6 3. d4 cxd4 4. Nxd4 a6 5. Bd3 Bc5 6. Nb3 Be7 7. Nc3 d6 8. a4 b6 9. Be3 Nf6 10. f4 Qc7 11. O-O Nbd7 12. Qf3 Bb7 13. Rae1 O-O 14. g4 d5 15. e5 Ne8 16. Qh3 g6 17. Qh6 Ng7 18. Rf3 Rfe8 19. Rh3 Nf8 20. Bd4 Qd8 21. Rf3 f5 22. exf6 Bxf6 23. f5 Bxd4+ 24. Nxd4 Qf6 25. Nce2 exf5 26. gxf5 Re5 27. Kf2 Nh5 28. Rg1 Qh4+ 29. Rgg3 Qxh2+ 30. Rg2 Qh4+ 31. Kg1 Rxe2 32. Nxe2 d4 33. fxg6 1-0

[Event "Kingston city match 4"]
[Site "Kingston CAN"]
[Date "2005.09.10"]
[Round "2"]
[White "Predescu, Sebastian"]
[Black "Audet-Bouchard, Nicolas"]
[Result "1-0"]
[WhiteElo "2235"]
[BlackElo "2209"]
[PlyCount "59"]
[GameId "2160767910900226"]
[EventDate "2005.09.10"]
[EventType "swiss"]
[EventRounds "3"]
[EventCountry "CAN"]
[SourceTitle "EXT 2022"]
[Source "ChessBase"]
[SourceDate "2021.10.06"]
[SourceVersion "1"]
[SourceVersionDate "2021.10.06"]
[SourceQuality "1"]

1. e4 c5 2. Nf3 Nc6 3. d4 cxd4 4. Nxd4 Nf6 5. Nc3 d6 6. Bc4 e6 7. Be3 Be7 8. O-O O-O 9. Bb3 a6 10. f4 Na5 11. g4 Nxb3 12. axb3 d5 13. e5 Ne4 14. Nxe4 dxe4 15. Qe1 Bc5 16. c3 Bd7 17. f5 Bxd4 18. cxd4 f6 19. Rd1 Qe8 20. d5 exd5 21. e6 Bb5 22. Rf2 Qd8 23. Rc2 Bc6 24. Bd4 Re8 25. Qe3 Rc8 26. Rg2 g5 27. h4 h6 28. hxg5 hxg5 29. Rh2 Kg7 30. Qxg5+ 1-0